Superman 1 / (Registro nro. 9769)

Detalles MARC
000 -LIDER
fixed length control field 01361ngm a2200445 c 4500
001 - NÚMERO DE CONTROL
Identificador de número de control 5731928
003 - IDENTIFICACDOR DE NÚMERO DE CONTROL
control field DO-SdBNP
005 - DATE AND TIME OF LATEST TRANSACTION
control field 20180226110529.0
007 - CAMPOS FIJOS DE DESCRIPCIÓN FÍSICA
fixed length control field 5731928
008 - ELEMENTOS DE LONGITUD FIJA
fixed length control field 151228s2003 sp 063 g s
015 ## - NÚMERO DENTRO DE LA BIBLIOGRAFÍA NACIONAL
National bibliography number
017 ## - NÚMERO DE REGISTRO DE DERECHOS DE AUTOR
Copyright or legal deposit number
Assigning agency
028 40 - NÚMERO DE EDITOR MUSICAL
Publisher number
Source Warner Bros.
035 ## - NÚMERO LOCAL
System control number
040 ## - FUENTE DE CATALOGACIÓN
Agencia que crea de manera original el registro BPMSU
Idioma de catalogación spa
Agencia que realiza la transcripción BPMSU
Convenciones de la despripción
041 1# - CÓDIGOS DE OBRAS TRADUCIDAS O EN VARIOS IDIOMAS
Código del idioma del texto/archivo de sonido o separata
--
--
--
Language code of subtitles or captions
--
--
--
Cód. del idioma original y/o traducciones intermedias del texto
084 ## - OTRO NÚMERO DE CLASIFICACIÓN
Classification number
Number source
100 ## - ASIENTO PRINCIPAL -- NOMBRE PERSONAL
Nombre personal
130 0# - ASIENTO PRINCIPAL--TITULO UNIFORME
Título uniforme Superman (Serie de animación)
245 10 - MENCIÓN DE TITULO
Título Superman 1 /
Mención de responsabilidad presentación Espido Freine
Nombre de la parte o sección de una obra
246 30 - VARIACION DEL TÍTULO
Título propiamente dicho o título corto
250 ## - MENCIÓN DE EDICION
Mención de edición
260 ## - PUBLICACIÓN, DISTRIBUCIÓN, ETC. (PIE DE IMPRENTA)
Lugar de publicación, distribución, etc [Madrid] :
Nombre del editor, distribuidor, etc. Warner Bros.
Fecha de publicación, distribución, etc 2003
300 ## - DESCRIPCIÓN FÍSICA
Extensión 191 p. :
Otros detalles físicos il. ;
Dimensiones 24 cm.
336 ## - CONTENT TYPE
Content type term
Source
337 ## - MEDIA TYPE
Media type term
Source
490 0# - MENCIÓN DE SERIES
Mención de serie Grandes héroes del cómic
Volume/sequential designation 2
500 ## - NOTA GENERAL
Nota general
505 0# - NOTA DE CONTENIDO
Texto normalizado de contenido
511 1# - PARTICIPANT OR PERFORMER NOTE
Participant or performer note Voces originales, Tim Daly, Dana Delany, Clancy Brown
518 ## - DATE/TIME AND PLACE OF AN EVENT NOTE
Date/time and place of an event note Serie de animación de 52 episodios realizada entre 1996 y 2000 en Estados Unidos
520 3# - RESUMEN, ETC.
Nota de resumen, etc. El apocado Clark Kent y su otro yo, Superman, defienden al planeta en nombre de la verdad, la justicia y nuestro modo de vida de una conspiración contra el gobierno
521 ## - TARGET AUDIENCE NOTE
Target audience note Apta para todos los públicos
546 ## - NOTA DE IDIOMA
Nota de idioma
700 ## - ASIENTO SECUNDARIO -- NOMBRE PERSONAL
Nombre personal Freire, Espido
830 ## - ASIENTO SECUNDARIO DE SERIE--TÍTULO UNIFORME
Título uniforme Grandes héroes del cómic
Volume number/sequential designation 2
942 ## - ADDED ENTRY ELEMENTS (KOHA)
Source of classification or shelving scheme Dewey Decimal Classification
Koha item type Libros
945 ## - INFORMACIÓN DE PROCESAMIENTO LOCAL
Información de procesamiento local inventariado, 2018 / dg
956 ## - LOCAL ELECTRONIC LOCATION AND ACCESS (OCLC)
Nombre de host VMATEO
Método de acceso 10
Materiales especificados 20160414
Enlace BPMSU
Campo enlazado y núm. de secuencia 0069
Existencias
Withdrawn status Lost status Source of classification or shelving scheme Damaged status Not for loan Home library Current library Date acquired Source of acquisition Total Checkouts Barcode Date last seen Price effective from Koha item type
    Dewey Decimal Classification     Biblioteca Pública Metropolitana Salomé Ureña Biblioteca Pública Metropolitana Salomé Ureña 04/14/2016 FUNDI   BPMSU16040440 04/14/2016 04/14/2016 Libros